| 000 | 01175nam a2200289 i 4500 | ||
|---|---|---|---|
| 001 | bg | ||
| 245 | 0 |
_aWieś, rolnictwo i gospodarka żywnościowa po przystąpieniu Polski do Unii Europejskiej / _cred. nauk. Andrzej Kowalski, Eugeniusz Mazurkiewicz ; Wyższa Szkoła Ekonomiczna w Warszawie, Instytut Ekonomiki Rolnictwa i Gospodarki Żywnościowej. |
|
| 260 |
_aWarszawa : _bWSE, _c2004. |
||
| 300 |
_a397 s. : _bwykr. ; _c24 cm. |
||
| 504 | _aBibliogr. po art. | ||
| 650 | 9 |
_aUnia Europejska a Polska _xgospodarka |
|
| 650 | 9 |
_aPrzemysł rolno-spożywczy _zPolska _yod 1989 r. |
|
| 650 | 9 |
_aRolnictwo _zPolska _yod 1989 r. |
|
| 650 | 9 |
_aPolska a Unia Europejska _xgospodarka |
|
| 700 | 1 |
_aKOWALSKI, Andrzej. _eRed. |
|
| 700 | 1 |
_aMAZURKIEWICZ, Eugeniusz. _eRed. |
|
| 710 | 0 | _aWyższa Szkoła Ekonomiczna (Warszawa) | |
| 710 | 0 | _aInstytut Ekonomiki Rolnictwa i Gospodarki Żywnościowej | |
| 020 | _a8386990872 | ||
| 040 | _cBPK | ||
| 041 | 0 | _apol | |
| 080 | _a338.43(438+4-67)"1989/..." | ||
| 920 | _a83-86990-87-2 | ||
| 942 | _cKS | ||
| 008 | s pl f |000 0 pol | ||
| 999 |
_c44519 _d44519 |
||
| 856 |
_uhttp://koha.tu.koszalin.pl/cgi-bin/koha/opac-detail.pl?biblionumber=44519 _yKatalog online BPK |
||